Rugendas en Chile
Saved in:
| Institution som forfatter: | |
|---|---|
| Format: | Bog |
| Sprog: | spansk |
| Udgivet: |
Santiago
Barcelona
1978
|
| Udgivelse: | 1a. ed |
| Fag: | |
| Tags: |
Tilføj Tag
Ingen Tags, Vær først til at tagge denne postø!
|
MARC
| LEADER | 00000nam a2200000 a 4500 | ||
|---|---|---|---|
| 001 | UCJ7191 | ||
| 003 | CL-VaPUC | ||
| 008 | 070124e19780912CL |||||||||||||||||spa|d | ||
| 082 | 0 | 4 | |a 983 |b MUS |2 21 |
| 110 | 2 | |a Museo de Arte Contemporáneo |e author |9 515307 | |
| 245 | 1 | 0 | |a Rugendas en Chile |
| 250 | |a 1a. ed | ||
| 300 | |a 44 p | ||
| 942 | |c BK | ||
| 945 | |d 20070124 00:00:00 |a rinostro | ||
| 260 | |a Santiago |b Barcelona |c 1978 | ||
| 500 | |a Entre las reproducciones se incluye un autorretrato | ||
| 600 | 0 | 7 | |a RUGENDAS, JUAN MAURICIO |2 CL-VaPUC |9 515308 |
| 650 | 0 | |a Pintura chilena |9 266171 | |
| 650 | 7 | |a BIOGRAFIA |2 CL-VaPUC |9 504622 | |
| 650 | 7 | |a USOS |2 CL-VaPUC |9 515309 | |
| 650 | 7 | |a COSTUMBRES |2 CL-VaPUC |9 337506 | |
| 650 | 0 | |a Iconografía |9 267998 | |
| 583 | |a last modification |c 20070124 00:00:00 |k Rodrigo Vera | ||
| 999 | |c 323287 |d 323285 | ||
| 952 | |0 0 |1 0 |4 0 |6 983_000000000000000_MUS_1978 |7 0 |8 X |9 402784 |a FDOBUD |b FDOBUD |d 2019-11-22 |i 1059734 |o 983 MUS 1978 |p 1059734 |r 2019-11-22 |w 2019-11-22 |y BK_X |k BUD | ||